Hodnotenie základných odvetvovo-územných väzieb v riadení investičnej činnosti 1. etapa riešenia čiastkovej výskumnej úlohy SPEV 902 003/04 "Odvetvovo-územné interakcie v riadení investičného procesu"

Na minha lista:
Detalhes bibliográficos
Formato: Livro
Idioma:eslovaco
Publicado em: Bratislava Výskumný ústav národohospodársky VŠE 1981
Tags: Adicionar Tag
Sem tags, seja o primeiro a adicionar uma tag!

MARC

LEADER 00000nam a2200000 4500
001 c127268
005 20210820131032.8
041 0 |a slo 
044 |a SK 
245 1 0 |a Hodnotenie základných odvetvovo-územných väzieb v riadení investičnej činnosti  |b 1. etapa riešenia čiastkovej výskumnej úlohy SPEV 902 003/04 "Odvetvovo-územné interakcie v riadení investičného procesu" 
264 1 |a Bratislava  |b Výskumný ústav národohospodársky VŠE  |c 1981 
300 |a 44 s.